000
00285nam a22001337a 4500
008
210302b ||||| |||| 00| 0 eng d
020
_a
9780716738633
041
_a
eng
080
_a
591
100
_a
7
101
_a
ZOO
245
_a
Animal Physiology
_c
Randall,D
942
_2
udc
_c
BK
999
_c
55500
_d
55500